000 01075nam a2200229Ia 4500
003 Ost
005 20260507075658.0
008 260507s9999||||xx |||||||||||||| ||und||
040 _cfsecg
041 _aara
082 _a658.001
100 _aمسلم، علي عبد الهادي
_eمؤلف
245 0 _aتحليل وتصميم المنظمات /
_c علي عبد الهادي مسلم
260 _aالاسكندرية:
_bالدار الجامعية,
_c2002
300 _a240 صفحة؛
_bإيضاحات ؛
_c24 سم
504 _aالمراجع ص.233
520 _aمقدمة في المنظمات وتطور الفكر التنظيمي، البيئة الخارجية، التكنولوجي، العمر والحجم ودورة حياة المنظمات، الأهداف والفاعلية التنظيمية، صنع القرارات الادارية، النفوذ والمناورات.
653 _aالإدارة العامة
653 _aالتنظيم والإدارة
653 _aالمنظمات والهيئات- إدارة
942 _cكتاب
999 _c45747
_d45747